000 00518nam a2200205Ia 4500
003 OSt
005 20230509150700.0
008 210423s1991 xx 000 0 und d
040 _cAL
041 _aeng
082 _a153.8
_223
_bBHAH
100 _aBHAT (P Keshava)
_9101325
245 _aHolistic life
260 _aNew Delhi
_bAllied Publishers
_c1991
365 _b75
_cINR
650 _aMental Process & Intelligence
_9101326
650 _aPsychology
_9101327
906 _aHolistic ; life
942 _2ddc
_cBK
999 _c171572
_d171572